Statistics for Lana del Rey - Blue Jeans (All lyrics)

Click here to take the quiz!

General Stats

  • This quiz has been taken 1,894 times
  • The average score is 282 of 379

Answer Stats

Answer% Correct
favorite
100%
jeans
100%
Blue
98%
I
98%
i
98%
white
98%
You
98%
you
98%
a
97%
shirt
97%
the
97%
Love
94%
love
94%
my
94%
like
92%
of
92%
end
91%
time
91%
to
91%
was
91%
will
91%
your
91%
'til
90%
can
89%
in
89%
for
88%
it
88%
that
88%
be
87%
eyes
87%
James
87%
me
87%
Baby
85%
baby
85%
Dean
85%
know
85%
remember
85%
burn
84%
then
84%
we
84%
you're
84%
and
83%
mine
82%
sure
82%
years
82%
million
81%
he
80%
room
80%
than
80%
made
79%
promise
78%
Promise
78%
say
78%
so
78%
wait
78%
more
77%
on
77%
you'll
77%
into
76%
walked
76%
oh
75%
tears
75%
cancer
74%
sweater
73%
through
73%
but
72%
no
72%
would
72%
better
71%
before
69%
death
69%
fresh
69%
make
69%
up
69%
fit
68%
those
68%
bitches
67%
see
67%
is
65%
stay
65%
hurts
64%
day
63%
December
62%
please
62%
sick
62%
all
61%
grew
61%
as
60%
hip
60%
met
60%
out
60%
still
60%
hop
59%
said
59%
were
59%
here
58%
life
58%
mean
58%
when
57%
rock
56%
need
55%
don't
54%
punk
54%
monday
52%
money
52%
Sunday
51%
work
51%
had
50%
night
50%
die
49%
times
47%
by
46%
last
46%
every
45%
heard
45%
that's
45%
what
45%
alright
44%
come
44%
Big
43%
leave
43%
waiting
43%
dreams
42%
over
42%
side
42%
sorta
42%
start
42%
anticipating
41%
told
41%
chasing
40%
headed
40%
went
40%
I'm
39%
or
39%
stayed
39%
'cause
38%
matter
38%
ride
38%
he'd
37%
paper
36%
did
35%
door
35%
pacing
35%
piece
35%
died
34%
just
34%
game
32%
i'd
32%
want
32%
caught
30%
at
29%
gangsta
29%
not
29%
mind
28%
wanted
27%
dancing
25%
fly
25%
home
25%
they
25%
shit
24%
took
24%
away
23%
fail
23%
least
23%
tried
23%
well
20%
back
18%
stole
17%
wether
16%

Score Distribution

Percentile by Number Answered

Percent of People with Each Score

Your Score History

You have not taken this quiz